Statistics for ariana grande quiz

Click here to take the quiz!

General Stats

  • This quiz has been taken 64 times
    (53 since last reset)
  • The average score is 10 of 15

Answer Stats

HintAnswer% Correct
how many times has Ari collaborated with Nicki minaj?6
98%
how old is ariana (2021)28
95%
who is ariana's husband (2021)dalton gomez
95%
how many dogs does Ariana have?9
93%
what is her zodiac sign?cancer
88%
how many perfumes does ari have?11
83%
whats her favorite movie genre?horror
80%
whats the name of her new makeup launch?r.e.m beauty
76%
ariana's birth date (except for time)june 26, 1993
66%
whats her favorite colorlavender
56%
what is the name of the song that Ariana hates the most?put your hearts up
51%
what two songs from her fifth album kept the number 1 spot on the billboard hot 100 for three weeks?7 rings, and thank u next
39%
what town did Ariana cry in while she was singing raindrops during her sweetener world tour?Pittsburg
37%
what vegetable is she allergic to?tomatoes
24%
whats her favorite cerealcoco puffs
10%

Score Distribution

Percentile by Number Answered

Percent of People with Each Score

Your Score History

You have not taken this quiz since the last reset